| 000 | 00447nam a22001217a 4500 | ||
|---|---|---|---|
| 082 | _a220 PRO | ||
| 100 |
_aNC Muhammad Haris Zaheer NC Muhammad Bilal NC Muhammad Saad Bin Saif _973096 |
||
| 245 | _aPR-SOF-1942-Design and Fabrication of Lathe Attachment for Polygon Manufacturing | ||
| 260 |
_aISLAMABAD _bNUST COLLEGE OF EME _c2020 |
||
| 650 | _aDE-COMP-38 | ||
| 856 | _uProject Supervisors Dr Sajid Ullah Butt Mr. Rehan Ahmed Khan | ||
| 942 | _cCR | ||
| 999 |
_c578964 _d578964 |
||